000
00262nam a22001217a 4500
008
170608b xxu||||| |||| 00| 0 eng d
041
_a
eng
080
_a
32
100
_a
18
101
_a
SHP
245
_a
CONTROLLING KNOWLEDGE
_c
BRENNER.L
942
_2
udc
_c
BK
999
_c
16511
_d
16511